LEADER 01051nam a2200253 i 4500 001 000000247385 003 CaOOAMICUS 005 20160111000000.0 008 160111s1974 it u000 u ita u 013 $a226290 040 $aSeMil$bita 100 1 $aMeigniez, Robert .$0(OLS)http://semarc/name/82879 245 12$aL'analisi di gruppo :$baspetti esistenziali /$cRobert Meigniez. 260 $aCinisello Balsamo :$bSan Paolo,$c1974. 300 $a215 p. ;$c22 cm. 490 0 $aPsicologia ;$v2. 650 4$aPsicologia sociale.$0(OLS)http://semarc/subject/627 650 4$aGruppo - Psicologia.$0(OLS)http://semarc/subject/16066 830 0$aPsicologia [San Paolo] ;$v2.$0(OLS)http://semarc/title/6207 850 $aSeMil 852 $aSeMil$W1$xVenegono$y1$m2O III 456$j197731$B197731$CSeMilBibl$Z2$F209172 $81 961 $aLascito: Milani don Felice 996 $6245$aL'analisi di gruppo :$baspetti esistenziali$9(OLS)http://semarc/title/349343 996 $6260$aCinisello Balsamo :$bSan Paolo$9(OLS)http://semarc/publisher/30129 LEADER 01108nam a2200253 4500 001 000000360975 003 CaOOAMICUS 005 20241202125056.0 008 241202s2021 it 000 u ita r 020 $a978-88-922237-5-2 040 $aSeMil$bita 100 1 $aQuarenghi, Giusi,$d<1951- >.$0(OLS)http://semarc/name/90981 245 10$aEster :$b"regina per un tempo come questo" /$cGiusi Quarenghi. 264 1$aCinisello Balsamo :$bSan Paolo,$c2021. 300 $a139 p. ;$c21 cm 490 1 $aMadri della fede 650 04$aBibbia. Antico Testamento. Ester - Commentari, studi, critica, interpretazioni.$0(OLS)http://semarc/subject/13547 830 0$aMadri della fede.$0(OLS)http://semarc/title/442424 850 $aSeMil 852 $aSeMil$W1$xVenegono$y1$m2NA P 5$j252717$B251959$CSeMilBibl$Z2$F251959 $81 996 $6020$a978-88-922237-5-2$9(OLS)http://semarc/number/301953 996 $6245$aEster :$b"regina per un tempo come questo"$9(OLS)http://semarc/title/451585 996 $6264$aCinisello Balsamo :$bSan Paolo$9(OLS)http://semarc/publisher/30129